Ends with 'X' (Four Letters) Quiz Stats

 Plays Quiz Updated Apr 6, 2012

Also try: Ends in 'QUE' II
Challenge
Share
Tweet
Embed
Score 0/25 Timer 05:00
1 Play Today
Clue Word % Correct
Jeopardy host TrebekAlex
87%
Silly Rabbit, this cereal is for kidsTrix
82.5%
Harpo, Karl or RichardMarx
81.6%
To tense one's musclesFlex
81.3%
Chocolate Bar from Mars, packaged in pairsTwix
76.7%
Highest point of a triangle, or a mountainApex
76.7%
Theatre for viewing massive motion picturesIMAX
69.2%
The bobcat is the smallest species of this feline genusLynx
65.5%
The river that forms the boundary between Earth and Hades in Greek MythologyStyx
65%
Many soccer teams (and a cleanser) share a name with this Trojan War heroAjax
63.6%
A deception or fraud, often of a large scaleHoax
63.5%
Quartzite mineral, mostly banded but often pure blackOnyx
59.3%
This cereal comes in many varieties,
including Corn, Cinnamon and Chocolate
Chex
58.3%
Clue Word % Correct
Saucy, impudent young girlMinx
53.8%
A curse that causes minor misfortunesJinx
43.3%
The central point of a matter, or the Southern CrossCrux
40.7%
Persuade, perhaps with a small bribeCoax
39.6%
Linseed, or Michael Scott's HollyFlax
38.9%
Cat breed known for being tail-lessManx
35.3%
Wild mountain goat with large, backwardly-curving hornsIbex
34.3%
Rate of flow, for energy and fluidsFlux
33.7%
Protestant reformer John or rockabilly singer BuddyKnox
17.4%
Memphis record label that was home to Booker T and The MGs, Sam & Dave, Otis Redding and other 60s soul starsStax
10.4%
'One Thing Leads To Another' for this '80s bandFixx
9.2%
One won an Emmy in 1972, another won an Oscar in 2005Foxx
7.8%

You're not logged in!

Compare scores with friends on all Sporcle quizzes.
Join for Free
OR
Log In

You Might Also Like...

Show Comments

Extras

Top Quizzes Today


Score Distribution

Your Account Isn't Verified!

In order to create a playlist on Sporcle, you need to verify the email address you used during registration. Go to your Sporcle Settings to finish the process.

Report this User

Report this user for behavior that violates our Community Guidelines.

Details: